| 000 | 01455nam a22002777a 4500 | ||
|---|---|---|---|
| 999 |
_c362444 _d362444 |
||
| 001 | 76139 | ||
| 003 | UA-OsUOA | ||
| 005 | 20230504161318.0 | ||
| 007 | ta | ||
| 008 | 20110615b un ||||| |||| 00| 0 ukr d | ||
| 020 | _a9789663512130 | ||
| 040 |
_aUA-OsUOA _bukr _cUA-OsUOA _dUA-OsUOA |
||
| 041 | _aukr | ||
| 080 | _a330.4:519.86 | ||
| 090 |
_a330.4:519.86 _bБ48 |
||
| 100 | _aБережна Л. В. | ||
| 245 |
_aЕкономіко-математичні методи та моделі в фінансах _bнавчальний посібник _cБережна Л. В., Снитюк О. І. |
||
| 260 |
_aК. _bКондор _c2009 |
||
| 300 | _a301 с. | ||
| 520 | _aУ навчальному посібнику розглядаються принципи і методи моделювання та управління фінансовими процесами. Наведена класифікація економіко-математичних методів та моделей. Запропоновані методи і моделі розв’язання задач, пов’язаних з бюджетними процесами, банківською діяльністю, страхуванням, податками. | ||
| 650 | 7 |
_a330 Економіка взагалі _2UDC |
|
| 700 | _aСнитюк О.І. | ||
| 942 |
_cBK _2udc |
||
| 955 | _a2 | ||